The future for insecticides : needs and prospects : proceedings of a Rockefeller Foundation Conference Bellagio, Italy, April 22-27, 1974

Αποθηκεύτηκε σε:
Λεπτομέρειες βιβλιογραφικής εγγραφής
Συγγραφή απο Οργανισμό/Αρχή: Rockefeller Foundation
Άλλοι συγγραφείς: Metcalf, Robert L. (Robert Lee), 1916-1998 (Επιμελητής έκδοσης), McKelvey, John J. (Επιμελητής έκδοσης)
Μορφή: Βιβλίο
Γλώσσα:English
Δημοσίευση: New York : John Wiley, c1976
Σειρά:Advances in environmental science and technology ; ; 6
Θέματα:
Ετικέτες: Προσθήκη ετικέτας
Δεν υπάρχουν, Καταχωρήστε ετικέτα πρώτοι!

MARC

LEADER 00000cam a2200000 i 4500
001 1/72033
008 970423s1976 eng d
020 |a 0-471-59860-7 
035 |l 10002888 
040 |a GR-MY-UA  |b gre  |e aacr 
041 0 |a eng 
082 0 |a 668.651 
245 1 4 |a The future for insecticides :  |b needs and prospects : proceedings of a Rockefeller Foundation Conference Bellagio, Italy, April 22-27, 1974 /  |c Edited by Robert L. Metcalf and John J. McKelvey 
260 |a New York :   |b John Wiley,   |c c1976 
300 |a xiv, 524 p.;  |c 24 cm 
490 1 |a Advances in environmental science and technology  |v ; 6 
504 |a Includes bibliographical references and index 
650 0 0 |a Insecticides  |x Congresses. 
650 0 0 |a Insecticides  |x Biodegradation  |x Congresses. 
700 1 |a Metcalf, Robert L.   |q (Robert Lee),   |d 1916-1998.  |4 edt 
700 1 |a McKelvey, John J.  |4 edt 
710 2 |a Rockefeller Foundation. 
830 0 |a Advances in environmental science and technology ;  |v ; 6 
852 |a INST  |b LESVOS  |e 19970423  |h 668.651 FUT  |p 005100011440  |q 005100011440  |t BK  |y 0 
909 |a Λ  |b 02122